03313cam a22006734i 4500003000900000005001700009008004100026020001500067020001800082035002700100040004300127049000900170082002000179100003400199245011900233250001800352264005100370300005500421336002100476337002500497338002300522500009700545505084100642526001001483526001001493526001001503526001001513526001001523526000901533526000901542526000901551526000901560526000901569526000901578526000901587526000901596526000901605526000901614526000801623526000801631526000801639526000801647526000801655526000801663541001601671650005001687650004801737650003501785700003601820700003601856910002601892942001401918949020101932994001402133596000602147999024902153980005502402952018202457PE-LiUPU20250731170451.0150706s2007 mx a r 000 0 spa d a970106108X a9789701061084 a(Sirsi) i9789701061084 aPE-LiUPUbspacPE-LiUPUdPE-LiUPUerda aPRUA04a150.72bS242211 aShaughnessy, John J.,eautor.10aMétodos de investigación en psicología /cJohn J. Shaughnessy, Eugene B. Zechmeister, Jeanne S. Zechmeister. a7a edición. 1aMéxico :bMcGraw-Hill Interamericana,c2007. a578 páginas :bilustraciones ;c24 centímetros atext2rdacontent aunmediated2rdamedia avolume2rdacarrier aTraducción de: Research methods in psychology. 4th ed., En la portada: Séptima edición0 aEnfoque general -- El método científico -- Aspectos éticos en el manejo de la investigación psicológica -- Métodos descriptivos -- Observación -- Investigación mediante encuestas -- Medidas de comportamiento no intrusivas -- Métodos experimentales -- Diseño de grupos independientes -- Diseños de medidas repetidas -- Diseños complejos -- Investigación aplicada -- Diseños de un solo sujeto e investigación con n pequeña -- Diseños cuasi experimentales y evaluación de programas -- Análisis y reporte de la investigación -- Análisis de datos e interpretación: parte I, descripción de datos, intervalos de confianza, correlación -- Análisis de datos e interpretación: parte II. Pruebas de significancia estadística y análisis de la historia -- La comunicación en Psicología. aSEG68 aSEG70 aSEG69 aSEG67 aSEG43 aP144 aP143 aP131 aP122 aP120 aP117 aP112 aP110 aP106 aP101 aP80 aP59 aP54 aP35 aP33 aP30 g001-000096;04aPsicologíaxInvestigaciónvMetodología.04aPsicología experimentalvLibros de texto.04aInvestigación psicológica.1 aZechmeister, Eugene B.,eautor.1 aZechmeister, Jeanne S.,eautor. aglbjvclchd20101210 2ddccBOOK aPGE 150.72 S24wDEWEYc1i62378lPOSTGRADOmBULp56.00r0sYtBOOKu2015-7-6xPOSGRADOPP57o.CIRCNOTE. No olvidar cambiar la fecha de devolución!!!!!!!o.STAFF. Colección Ciencias de la Salud aC0bPEPRU a1 aPGE 150.72 S24wDEWEYc51405i62378d51405e2018-11-22f2021-11-3g5lCCODEBUL1mBULn6p56.00q3r0sYtBOOKu2015-7-6xSALUDzP330COMPRAo.CIRCNOTE. No olvidar cambiar la fecha de devolución!!!!!!!o.STAFF. Colección Ciencias de la Salud 81gALBERTO SANCHEZ Responsable de Automatización r2025-12-02 00:00:00i6l6o150.72 S24p62378s2018-11-22te1v61.00w2015-07-06xFCSyBKzinventario-2023-12-13102ddc50708GENfP33aBULbBULcGENd2015-07-06eCOMPRAg56.00